Energy Systems Analysis and Modelling towards Decarbonisation (Record no. 34963)

MARC details
000 -LEADER
fixed length control field 01502nam a2200133Ia 4500
008 - FIXED-LENGTH DATA ELEMENTS--GENERAL INFORMATION
fixed length control field 220620s9999||||xx |||||||||||||| ||und||
020 ## - INTERNATIONAL STANDARD BOOK NUMBER
International Standard Book Number 9783040000000
245 #0 - TITLE STATEMENT
Title Energy Systems Analysis and Modelling towards Decarbonisation
546 ## - LANGUAGE NOTE
Language note English[eng]
650 ## - SUBJECT ADDED ENTRY--TOPICAL TERM
Topical term or geographic name entry element GEM-E3-FIT||low-carbon R&amp||D||innovation-induced growth||endogenous technology progress||unilateral climate policy||carbon leakage||industrial relocation||border carbon adjustment||electric vehicles||electricity recharging infrastructure||business models||equilibrium programming||Greek EV mobility 2030||private investments in infrastructure||combined gas-steam cycles||efficiency||heat exchange in Heat Recovery Steam Generators (HRSG)||economic analysis||cost management||managerial decisions||fortune 500||carbon disclosure||financial performance||COVID-19||economic recovery||stimulus packages||climate scenarios||integrated assessment modelling||integrated energy system||scheduling||energy trade||smart contract||BECCS||CCS||biomass||climate neutrality||greenhouse gas||emission||abatement cost||EU climate/energy policy||Fit for 55||European Union||Green Deal||burden sharing||effort sharing regulation||emissions trading system||energy system analysis||TIMES PanEU||NEWAGE||agent-based modelling||low carbon electricity system||investment decisions||heterogeneous agents||value factor of wind||n/a
700 ## - ADDED ENTRY--PERSONAL NAME
Personal name Fragkos, Panagiotis||Siskos, Pelopidas
856 ## - ELECTRONIC LOCATION AND ACCESS
Uniform Resource Identifier <a href="https://mdpi.com/books/pdfview/book/5362">https://mdpi.com/books/pdfview/book/5362</a>
942 ## - ADDED ENTRY ELEMENTS (KOHA)
Koha item type E-Books
Holdings
Withdrawn status Lost status Damaged status Not for loan Home library Current library Date acquired Total Checkouts Date last seen Price effective from Koha item type
        Kerala University of Digital Sciences, Innovation and Technology Knowledge Centre Kerala University of Digital Sciences, Innovation and Technology Knowledge Centre 20/06/2022   20/06/2022 20/06/2022 E-Books